书目信息 |
| 题名: |
典型流形与典型域
|
|
| 作者: | 陆启铿 著 | |
| 分册: | ||
| 出版信息: | 江苏 江苏教育出版社 1997 |
|
| 页数: | 369页 | |
| 开本: | 20cm | |
| 丛书名: | 现代数学丛书 | |
| 单 册: | ||
| 中图分类: | O19 | |
| 科图分类: | ||
| 主题词: | 突变理论 , 整体分析 , 流形分析 , 突变 | |
| 电子资源: | ||
| ISBN: | 7-5323-3916-5 | |
| 000 | 00655nam0 2200241 450 | |
| 001 | 0732828906 | |
| 005 | 20070903090708.90 | |
| 010 | @a7-5323-3916-5@b精装@d¥44.00 | |
| 100 | @a20070903d km y0chiy0120 ea | |
| 101 | 0 | @achi |
| 200 | 1 | @a典型流形与典型域@Adian xing liu xing yu dian xing yu@f陆启铿著@Flu qi keng zhu |
| 210 | @a江苏@c江苏教育出版社@d1997 | |
| 215 | @a369页@d20cm | |
| 225 | 2 | @a现代数学丛书 |
| 410 | 0 | @12001 @a现代数学丛书 |
| 606 | 0 | @a突变理论 |
| 606 | 0 | @a整体分析 |
| 606 | 0 | @a流形分析 |
| 606 | 0 | @a突变 |
| 690 | @aO19@v3 | |
| 701 | 0 | @a陆启铿@Alu qi keng@4著 |
| 801 | 0 | @aCN@bPFT@c20070903 |
| 905 | @a213230@dO19@eS1@f1 | |
| 典型流形与典型域/陆启铿著.-江苏:江苏教育出版社,1997 |
| 369页;20cm.-(现代数学丛书) |
| ISBN 7-5323-3916-5(精装):¥44.00 |
| ● |
| 相关链接 |
|
|
|
|
正题名:典型流形与典型域
索取号:O19/S1
 
预约/预借
| 序号 | 登录号 | 条形码 | 馆藏地/架位号 | 状态 | 备注 |
| 1 | 6702982 | 267029823 | 密集书库-数信学院/ [索取号:O19/S1] | 在馆 | |
| 2 | 6702983 | 267029832 | 密集书库-数信学院/ [索取号:O19/S1] | 在馆 | |
| 3 | 6702984 | 267029841 | 密集书库-数信学院/ [索取号:O19/S1] | 在馆 | |
| 4 | 6702985 | 267029850 | 密集书库-数信学院/ [索取号:O19/S1] | 在馆 |